000 00289nam a22001097a 4500
082 _a051
_bREA
100 _aBeaudouin, John T. (Edt)
_9111978
245 _aReader's Digest Condensed Books /
_c John T. Beaudouin (Edt)
260 _aNew York ,
_c1978.
300 _a573p. ;
942 _2ddc
_cBK
999 _c594553
_d594553